<?xml version="1.0" encoding="UTF-8"?>
<record
    xmlns:xsi="http://www.w3.org/2001/XMLSchema-instance"
    xsi:schemaLocation="http://www.loc.gov/MARC21/slim http://www.loc.gov/standards/marcxml/schema/MARC21slim.xsd"
    xmlns="http://www.loc.gov/MARC21/slim">

  <leader>00619nam a22001577a 4500</leader>
  <controlfield tag="003">OSt</controlfield>
  <controlfield tag="005">20151130160344.0</controlfield>
  <controlfield tag="008">151130b        xxu||||| |||| 00| 0 eng d</controlfield>
  <datafield tag="040" ind1=" " ind2=" ">
    <subfield code="c">RUA </subfield>
  </datafield>
  <datafield tag="082" ind1=" " ind2=" ">
    <subfield code="a">FIS IV 1997 B171 Or.1</subfield>
  </datafield>
  <datafield tag="100" ind1=" " ind2=" ">
    <subfield code="9">4045</subfield>
    <subfield code="a">IV BONNAKAR</subfield>
  </datafield>
  <datafield tag="245" ind1=" " ind2=" ">
    <subfield code="a">The process of establishing fisheries community in preah sihanouk ream national park, &#x178A;&#x17C6;&#x178E;&#x17BE;&#x179A;&#x1780;&#x17B6;&#x179A;&#x179A;&#x17C0;&#x1794;&#x1785;&#x17C6;&#x179F;&#x17A0;&#x1782;&#x1798;&#x1793;&#x17CD;&#x1787;&#x1793;&#x1794;&#x1791;&#x1787;&#x179B;&#x1795;&#x179B;&#x1793;&#x17C5;&#x178F;&#x17C6;&#x1794;&#x1793;&#x17CB; &#x17A7;&#x1791;&#x17D2;&#x1799;&#x17B6;&#x1793;&#x1787;&#x17B6;&#x178F;&#x17B7;&#x1796;&#x17D2;&#x179A;&#x17C7;&#x179F;&#x17B8;&#x17A0;&#x1793;&#x17BB; (&#x179A;&#x17B6;&#x1798;).</subfield>
  </datafield>
  <datafield tag="260" ind1=" " ind2=" ">
    <subfield code="a">Phnom Penh </subfield>
    <subfield code="b">RUA </subfield>
    <subfield code="c">1997</subfield>
  </datafield>
  <datafield tag="300" ind1=" " ind2=" ">
    <subfield code="a">36p.</subfield>
    <subfield code="b">ill.</subfield>
    <subfield code="c">29cm.</subfield>
  </datafield>
  <datafield tag="942" ind1=" " ind2=" ">
    <subfield code="2">ddc</subfield>
    <subfield code="c">FIS</subfield>
  </datafield>
  <datafield tag="999" ind1=" " ind2=" ">
    <subfield code="c">3764</subfield>
    <subfield code="d">3764</subfield>
  </datafield>
  <datafield tag="952" ind1=" " ind2=" ">
    <subfield code="0">0</subfield>
    <subfield code="1">0</subfield>
    <subfield code="2">ddc</subfield>
    <subfield code="4">0</subfield>
    <subfield code="6">FIS_IV_1999_000000000000000_B171_OR_1</subfield>
    <subfield code="7">0</subfield>
    <subfield code="9">18932</subfield>
    <subfield code="a">LBB</subfield>
    <subfield code="b">LBB</subfield>
    <subfield code="d">2015-11-30</subfield>
    <subfield code="o">FIS IV 1999 B171 Or.1</subfield>
    <subfield code="p">RUA037691</subfield>
    <subfield code="r">2015-11-30</subfield>
    <subfield code="w">2015-11-30</subfield>
    <subfield code="y">FIS</subfield>
  </datafield>
  <datafield tag="952" ind1=" " ind2=" ">
    <subfield code="0">0</subfield>
    <subfield code="1">0</subfield>
    <subfield code="2">ddc</subfield>
    <subfield code="4">0</subfield>
    <subfield code="6">FIS_IV_1999_000000000000000_B171_OR_2</subfield>
    <subfield code="7">0</subfield>
    <subfield code="9">18933</subfield>
    <subfield code="a">LBB</subfield>
    <subfield code="b">LBB</subfield>
    <subfield code="d">2015-11-30</subfield>
    <subfield code="o">FIS IV 1999 B171 Or.2</subfield>
    <subfield code="p">RUA037663</subfield>
    <subfield code="r">2015-11-30</subfield>
    <subfield code="w">2015-11-30</subfield>
    <subfield code="y">FIS</subfield>
  </datafield>
  <datafield tag="952" ind1=" " ind2=" ">
    <subfield code="0">0</subfield>
    <subfield code="1">0</subfield>
    <subfield code="2">ddc</subfield>
    <subfield code="4">0</subfield>
    <subfield code="6">FIS_IV_1999_000000000000000_B171_OR_3</subfield>
    <subfield code="7">0</subfield>
    <subfield code="9">18934</subfield>
    <subfield code="a">LBB</subfield>
    <subfield code="b">LBB</subfield>
    <subfield code="d">2015-11-30</subfield>
    <subfield code="o">FIS IV 1999 B171 Or.3</subfield>
    <subfield code="p">RUA036667</subfield>
    <subfield code="r">2015-11-30</subfield>
    <subfield code="w">2015-11-30</subfield>
    <subfield code="y">FIS</subfield>
  </datafield>
  <datafield tag="952" ind1=" " ind2=" ">
    <subfield code="0">0</subfield>
    <subfield code="1">0</subfield>
    <subfield code="2">ddc</subfield>
    <subfield code="4">0</subfield>
    <subfield code="6">FIS_IV_1999_000000000000000_B171_OR_4</subfield>
    <subfield code="7">0</subfield>
    <subfield code="9">18935</subfield>
    <subfield code="a">LBB</subfield>
    <subfield code="b">LBB</subfield>
    <subfield code="d">2015-11-30</subfield>
    <subfield code="o">FIS IV 1999 B171 Or.4</subfield>
    <subfield code="p">RUA037541</subfield>
    <subfield code="r">2015-11-30</subfield>
    <subfield code="w">2015-11-30</subfield>
    <subfield code="y">FIS</subfield>
  </datafield>
  <datafield tag="952" ind1=" " ind2=" ">
    <subfield code="0">0</subfield>
    <subfield code="1">0</subfield>
    <subfield code="2">ddc</subfield>
    <subfield code="4">0</subfield>
    <subfield code="6">FIS_IV_1999_000000000000000_B171_OR_5</subfield>
    <subfield code="7">0</subfield>
    <subfield code="9">18936</subfield>
    <subfield code="a">LBB</subfield>
    <subfield code="b">LBB</subfield>
    <subfield code="d">2015-11-30</subfield>
    <subfield code="o">FIS IV 1999 B171 Or.5</subfield>
    <subfield code="p">RUA036852</subfield>
    <subfield code="r">2015-11-30</subfield>
    <subfield code="w">2015-11-30</subfield>
    <subfield code="y">FIS</subfield>
  </datafield>
  <datafield tag="952" ind1=" " ind2=" ">
    <subfield code="0">0</subfield>
    <subfield code="1">0</subfield>
    <subfield code="2">ddc</subfield>
    <subfield code="4">0</subfield>
    <subfield code="6">FIS_IV_1999_000000000000000_B171_OR_6</subfield>
    <subfield code="7">0</subfield>
    <subfield code="9">18937</subfield>
    <subfield code="a">LBB</subfield>
    <subfield code="b">LBB</subfield>
    <subfield code="d">2015-11-30</subfield>
    <subfield code="o">FIS IV 1999 B171 Or.6</subfield>
    <subfield code="p">RUA036658</subfield>
    <subfield code="r">2015-11-30</subfield>
    <subfield code="w">2015-11-30</subfield>
    <subfield code="y">FIS</subfield>
  </datafield>
  <datafield tag="952" ind1=" " ind2=" ">
    <subfield code="0">0</subfield>
    <subfield code="1">0</subfield>
    <subfield code="2">ddc</subfield>
    <subfield code="4">0</subfield>
    <subfield code="6">FIS_IV_1999_000000000000000_B171_OR_7</subfield>
    <subfield code="7">0</subfield>
    <subfield code="9">18938</subfield>
    <subfield code="a">LBB</subfield>
    <subfield code="b">LBB</subfield>
    <subfield code="d">2015-11-30</subfield>
    <subfield code="o">FIS IV 1999 B171 Or.7</subfield>
    <subfield code="p">RUA025669</subfield>
    <subfield code="r">2015-11-30</subfield>
    <subfield code="w">2015-11-30</subfield>
    <subfield code="y">FIS</subfield>
  </datafield>
</record>
